000 00760nam a22002297a 4500
999 _c15584
_d15584
003 MIRAKIL
005 20240307145155.0
008 240307b tu ||||| |||| 00| 0 tur d
020 _a9789751042989
040 _aTR-AnCHP
_cTR-AnCHP
041 _atur
082 _aCHP 338.04092
_bB51 2021
090 _aCHP 338.04092 B51 2021
100 _aBiçer, Namık Kemal
245 1 0 _a30. harfi arayan adam /
_cNamık Kemal Biçer ; yayıma hazırlayan Gökçe Şenoğlu
246 _aOtuzuncu harfi arayan adam
260 _aİstanbul :
_bSayfa6,
_c2021.
300 _a297 sayfa ;
_c21 cm.
650 0 _9967
_ayaşam öyküsü
_xİş adamları
856 _zDijital Nüshası için Partimizin Kütüphane Sorumlusu ile iletişime geçiniz.
942 _2ddc
_cBKS